LEADER 01072nam0 2200277 i 450 001 SUN0108773 005 20170406015544.454 010 $a8-3-319-14459-7$d0.00 017 70$2N$a978-3-319-14460-3 100 $a20170405d2015 |0engc50 ba 101 $aeng 102 $aCH 105 $a|||| ||||| 200 1 $a*Dynamics of Pre-Strained Bi-Material Elastic Systems$eLinearized Three-Dimensional Approach$fSurkay D. Akbarov 205 $aCham : Springer, 2015 210 $aXXI$d1004 p.$c477 ill. ; 24 cm 215 $aPubblicazione in formato elettronico 620 $aCH$dCham$3SUNL001889 700 1$aAkbarov$b, Surkay D.$3SUNV084058$0720707 712 $aSpringer$3SUNV000178$4650 801 $aIT$bSOL$c20200921$gRICA 856 4 $uhttps://link.springer.com/book/10.1007%2F978-3-319-14460-3 912 $aSUN0108773 950 $aBIBLIOTECA CENTRO DI SERVIZIO SBA$d15CONS SBA EBOOK 933 $e15EB 933 20170405 996 $aDynamics of Pre-Strained Bi-Material Elastic Systems$91412376 997 $aUNICAMPANIA